Statystyki dla ile zmożesz wymienić flag-(hard core)

Kliknij tutaj aby rozwiązać quiz!

Ogólne statystyki

  • Ten quiz został rozwiązany 68 razy
  • Średni wynik to 4 z 8

Statystyki odpowiedzi

Odpowiedź% Poprawnych
kazachstan
97%
czechy
89%
łotwa
74%
monako
54%
norwegia
31%
uzbekistan
31%
kirgistan
17%
irlandia
14%

Rozkład punktacji

Percentyl według liczby udzielonych odpowiedzi

Procent ludzi z każdym wynikiem

Twoja historia wyników

Nie rozwiązałeś tego quizu